MyGZULibrary

Akulazulu emhlabeni / (Record no. 4949)

MARC details
000 -LEADER
fixed length control field 00624nam a2200217 i 4500
001 - CONTROL NUMBER
control field 4636273
003 - CONTROL NUMBER IDENTIFIER
control field GZU
005 - DATE AND TIME OF LATEST TRANSACTION
control field 20210325105126.0
008 - FIXED-LENGTH DATA ELEMENTS--GENERAL INFORMATION
fixed length control field 780413s1971 rh 000 1 nic
010 ## - LIBRARY OF CONGRESS CONTROL NUMBER
LC control number 78347392
020 ## - INTERNATIONAL STANDARD BOOK NUMBER
International Standard Book Number 0869226444
040 ## - CATALOGING SOURCE
Original cataloging agency DLC
Transcribing agency DLC
Modifying agency DLC
050 00 - LIBRARY OF CONGRESS CALL NUMBER
Classification number PL8842 SIG 1971
Item number A78
100 1# - MAIN ENTRY--PERSONAL NAME
Personal name Sigogo, Ndabezinhle S.,
Dates associated with a name 1932-
245 10 - TITLE STATEMENT
Title Akulazulu emhlabeni /
Statement of responsibility, etc. Ndabezinhle S. Sigogo.
260 ## - PUBLICATION, DISTRIBUTION, ETC.
Place of publication, distribution, etc. Gwelo :
Name of publisher, distributor, etc. Mambo Press,
Date of publication, distribution, etc. 1971, 1974 printing.
300 ## - PHYSICAL DESCRIPTION
Extent 126 p. ;
Dimensions 18 cm.
500 ## - GENERAL NOTE
General note Ndebele fiction
906 ## - LOCAL DATA ELEMENT F, LDF (RLIN)
a 7
b cbc
c orignew
d 4
e ncip
f 19
g y-gencatlg
942 ## - ADDED ENTRY ELEMENTS (KOHA)
Source of classification or shelving scheme Library of Congress Classification
Koha item type Books
Classification part 8842
Item part SIG
Call number prefix PL
Holdings
Withdrawn status Lost status Damaged status Not for loan Collection code Home library Current library Date acquired Total Checkouts Full call number Barcode Date last seen Date last checked out Copy number Price effective from Koha item type Shelving location Inventory number
        Fiction City Campus Library City Campus Library 03/25/2021 1 PL8842 SIG 2003 G22043 05/11/2023 04/27/2023 c-1 03/25/2021 Books    
        Fiction City Campus Library City Campus Library 04/07/2021   PL8842 SIG 2003 000992 04/07/2021   c.2 04/07/2021 Books    
        Fiction Mashava Campus Library Mashava Campus Library 05/20/2009   PL8842 SIG 2003 G22210 05/20/2021   c.3 05/20/2021 Books General Stacks 8974
        Fiction Mashava Campus Library Mashava Campus Library 05/20/2021   PL8842 SIG 2003 001000 05/20/2021   c.4 05/20/2021 Books General Stacks 22078
        Fiction Mashava Campus Library Mashava Campus Library 05/20/2021   PL8842 SIG 2003 000998 05/20/2021   c.5 05/20/2021 Books General Stacks 22081
        Fiction Mashava Campus Library Mashava Campus Library 05/20/2021   PL8842 SIG 2003 012533 05/20/2021   c.6 05/20/2021 Books General Stacks 12777
        Fiction Mashava Campus Library Mashava Campus Library 05/20/2012   PL8842 SIG 2003 012474 05/20/2021   c.7 05/20/2021 Books General Stacks 12778
        Fiction Mashava Campus Library Mashava Campus Library 05/20/2011   PL8842 SIG 2003 G21500 05/20/2021   c.8 05/20/2021 Books General Stacks 10367
        Fiction Mashava Campus Library Mashava Campus Library 05/20/2011   PL8842 SIG 2003 000997 05/20/2021   c.9 05/20/2021 Books General Stacks 22080
        Fiction Mashava Campus Library Mashava Campus Library 05/20/2011   PL8842 SIG 2003 001001 05/20/2021   c.10 05/20/2021 Books General Stacks 22079
        Fiction Mashava Campus Library Mashava Campus Library 05/20/2011   PL8842 SIG 2003 000994 05/20/2021   c.11 05/20/2021 Books General Stacks 22071
        Fiction Mashava Campus Library Mashava Campus Library 05/20/2011   PL8842 SIG 2003 000877 05/20/2021   c.12 05/20/2021 Books General Stacks 22290
        Fiction Mashava Campus Library Mashava Campus Library 05/20/2011   PL8842 SIG 2003 G21545 05/20/2021   c.13 05/20/2021 Books General Stacks 10368
        Fiction Mashava Campus Library Mashava Campus Library 05/20/2006   PL8842 SIG 2003 G21261 05/20/2021   c.14 05/20/2021 Books General Stacks 5832
        Fiction Mashava Campus Library Mashava Campus Library 05/20/2015   PL8842 SIG 2003 000990 05/20/2021   c.15 05/20/2021 Books General Stacks 22076
        Fiction Mashava Campus Library Mashava Campus Library 05/20/2012   PL8842 SIG 2003 012532 05/20/2021   c.16 05/20/2021 Books General Stacks 12776
        Non-fiction Mashava Campus Library Mashava Campus Library 05/21/2021 1 PL8842 SIG 2003 G22087 11/07/2021 11/02/2021 c.17 05/21/2021 Books General Stacks 10369